[Event "CB-Emu swiss"]
[Site "?"]
[Date "2017.03.31"]
[Round "2"]
[White "Mychess II, C64."]
[Black "Rebel 5, Mephisto"]
[Result "0-1"]
[WhiteElo "1700"]
[BlackElo "2250"]
[Annotator "Komodo 10.3 32-bit (60s)"]
[PlyCount "86"]
[EventDate "2017.??.??"]
[TimeControl "40/7200:40/7200:40/7200"]

{C43: Russische Verteidigung (Petrow)} 1. e4 e5 2. Nf3 Nf6 3. d4 Nxe4 4. Bd3 d5
5. Bxe4 (5. O-O exd4 6. Re1 Be7 7. Bxe4 dxe4 8. Rxe4 Nc6 9. Nbd2 O-O 10. Nb3
Bf6 11. Bf4 Bf5 12. Re1 a5 13. Nc5 Qd5 14. Nd3 Bxd3 15. Qxd3 Nb4 16. Qd2 Qf5
17. Rec1 c5 18. a3 Nc6 19. b4 axb4 {Ralys,V (1900)-Putka,V (2297) Palanga 2011
0-1}) 5... dxe4 {0.00/1 (____)  165} 6. Nxe5 {Schwarz hat das Läuferpaar} Nd7
$146 {0.00/1 (____)  240} (6... Bd6 7. Nc4 (7. O-O Qh4 8. Re1 O-O 9. Nc3 f5 10.
Qe2 Be6 11. Nb5 Nc6 12. Nxd6 cxd6 13. Nxc6 bxc6 14. Qe3 d5 15. Qf4 Qf6 16. c3
a5 17. Re3 h6 18. h4 Kh7 19. Rg3 Bf7 20. b3 a4 21. Ba3 Rfd8 {Slavejkov,A (1779)
-Krastev,K (1757) Sofia BUL 2015 1-0 (37)}) (7. Qe2 Bxe5 8. dxe5 Bf5 9. Nc3 O-O
10. Nxe4 Nc6 11. O-O Re8 12. f4 Nd4 13. Qd3 Nxc2 14. Qxc2 Qd4+ 15. Qf2 Qxe4 16.
Be3 Re6 17. Rac1 Rg6 18. Rfd1 h5 19. Rxc7 Bh3 20. g3 h4 21. b3 hxg3 {
Capablanca,J-Redding,J New York 1905 1-0}) 7... O-O 8. O-O Nc6 9. Nxd6 Qxd6 10.
d5 Ne7 11. c4 Qg6 12. Bf4 Bg4 13. Qd2 Rac8 14. Nc3 h5 15. Rae1 Nf5 16. Kh1 Nh4
17. Bg3 Nxg2 18. Kxg2 Bf3+ 19. Kg1 h4 20. Qf4 hxg3 21. fxg3 {Colandrea,S (1890)
-Teychene,J (2043) Marseille 2005 0-1}) 7. O-O Nxe5 {0.00/1 (____)  235} 8.
dxe5 Bf5 {0.00/1 (____)  241} (8... Qxd1 9. Rxd1 Bg4 10. Rd4 $11) 9. Nc3 a6 {
0.00/1 (____)  215} (9... Bb4 10. Nd5 Be7 11. Be3 $11) 10. Qd5 (10. Qe2 $142 $5
$14 {ist zu überlegen}) 10... Qxd5 $11 {0.00/1 (____)  119} 11. Nxd5 O-O-O {
0.00/1 (____)  225} 12. c4 c6 {0.00/1 (____)  218} 13. Nb6+ Kc7 {0.00/1 (____)
323. Schwarz droht Materialgewinn: Kc7xb6} 14. Be3 Bb4 {0.00/1 (____)  101} 15.
Rfd1 Rd3 {0.00/1 (____)  222} 16. Rxd3 exd3 {0.00/1 (____)  218. Schwarz hat
einen neuen Freibauern: d3} 17. a3 {Weiß droht Materialgewinn: a3xb4} Ba5 {
0.00/1 (____)  179} 18. c5 Bxb6 {0.00/1 (____)  121} 19. cxb6+ Kd7 {0.00/1 
(____)  104} 20. Rd1 Ke6 {0.00/1 (____)  397} 21. g4 (21. Kf1 Kxe5 22. Ke1 Rg8
$15) 21... Be4 {0.00/1 (____)  223} (21... Bxg4 22. Rxd3 Bf5 23. Rd2 Kxe5 24.
f3 $17) 22. f4 $15 h5 {0.00/1 18 (____)} 23. gxh5 $2 (23. g5 $142 $5 $15 {
ist bedenkenswert}) 23... Kd5 {0.00/1 (____)  180} (23... Rxh5 $142 24. Rf1 Kd5
$19) 24. h4 $2 (24. Rc1 $142 $17) 24... Rxh5 $19 {0.00/1 (____)  145} 25. Bf2 (
25. Rc1 Rxh4 26. Rc5+ Ke6 $19) 25... Rh6 {0.00/1 (____)  104} 26. Kf1 Rg6 {
0.00/1 (____)  159} 27. Ke1 Rg4 {0.00/1 (____)  231} (27... Rg2 {erleichterte
Schwarz die Gewinnführung} 28. Rd2 $19) 28. Kd2 Rxf4 {0.00/1 (____)  166} 29.
Bg3 Rf3 30. Rg1 c5 {0.00/1 (____)  64} 31. h5 Rf5 {0.00/1 (____)  144} 32. Be1
(32. Kc3 {nützt auch nichts mehr} Rxh5 33. Rf1 Bg6 $19) 32... Rxh5 {0.00/1 
(____)  171} 33. Rxg7 (33. Kc3 {ist noch eine Idee} g6 34. Rf1 $19) 33... Rh2+
{0.00/1 (____)  208} 34. Kd1 Rxb2 {0.00/1 (____)  237.} 35. Rxf7 Kd4 {0.00/1 
(____)  290} 36. Bd2 Rb1+ 37. Bc1 Kc3 {0.00/1 (____)  171} 38. Rd7 Bf5 {
0.00/1 (____)  230} 39. Rd5 c4 {0.00/1 (____)  132} 40. Rd8 (40. e6 {ändert
nichts mehr} Bg4+ 41. Ke1 Bxe6 42. Rd6 Rxc1+ 43. Kf2 d2 44. Ke2 Re1+ 45. Kf3
Bf5 46. Rxd2 Kxd2 47. Kf4 c3 48. Kxf5 c2 49. a4 c1=Q 50. a5 Qc5+ 51. Kg6 Qf2
52. Kg5 Rg1+ 53. Kh6 Qh2#) 40... Bg4+ {0.00/1 (____)  260} 41. Ke1 d2+ $1 {
0.00/1 (____)  178. Hinlenkung: d2} 42. Rxd2 Rxc1+ {0.00/1 (____)  246} 43. Kf2
Kxd2 {(____) 0.00/1 267 0-1 Benutzer Entscheidung} (43... Kxd2 44. e6 Bxe6 45.
Kf3 Rf1+ 46. Kg3 c3 47. Kg2 Ke1 48. Kg3 c2 49. Kg2 c1=Q 50. Kh2 Qxa3 51. Kg2
Qh3#) 0-1

[Event "CB-Emu swiss"]
[Site "?"]
[Date "2017.03.31"]
[Round "2"]
[White "Designer 2000 Display, Fidelity"]
[Black "Kempelen, C64."]
[Result "1-0"]
[WhiteElo "1860"]
[BlackElo "1500"]
[Annotator "Houdini 4 Pro w32 4core (60s)"]
[PlyCount "57"]
[EventDate "2017.??.??"]

{D37: Damengambit (5.Lf4)} 1. d4 d5 2. c4 e6 3. Nc3 Nf6 4. Nf3 {und da war es
mit Kempelens Bibliothek vorbei...} Bd6 {Und auch der Display 2000 findet im
Buch nichts mehr...} 5. Bg5 Bb4 {Da hätte man im 4. Zug auch gleich hingehen
können. Einfach nur ein Tempoverlust} (5... Be7 6. e3 Nc6 7. Be2 O-O 8. O-O Bd7
9. Rc1 Re8 10. cxd5 exd5 11. Bf4 Be6 12. h3 h6 13. Qb3 Rb8 14. Nb5 Bd6 15. Nxd6
cxd6 16. Bb5 Qc7 17. Qa4 Rbc8 18. Nd2 a6 19. Bd3 Qd7 20. Kh2 {Perez Martin,N 
(1599)-Diaz Reyes,K (1139) Santa Cruz de Tenerife 2014 0-1 (34)}) 6. Bxf6 $146
(6. e3 Bd7 7. a3 Bxc3+ 8. bxc3 h6 9. Bh4 Bc6 10. cxd5 Bxd5 11. c4 Be4 12. Ne5
Qe7 13. f3 Bc6 14. Bd3 Nbd7 15. Nxc6 bxc6 16. Rb1 Rb8 17. Rxb8+ Nxb8 18. Qa4
O-O 19. O-O e5 20. Re1 exd4 {Nuber,B-Dioses,C Germany 2003 1-0 (44)}) (6. e3
Be7 $14) 6... Bxc3+ 7. bxc3 Qxf6 8. cxd5 exd5 9. Qb3 Qd6 10. e3 Nd7 {verstellt
dem eigenen Läufer den Weg. Besser nach c6} 11. c4 Nf6 (11... O-O 12. cxd5 Nb6
13. Rc1 $14) 12. c5 {Raumvorteil} Qe6 13. Bd3 O-O 14. O-O Ne4 15. Qc2 Bd7 (
15... b6 16. Rad1 $14) 16. Ne5 $16 Bc6 {Steht gut, da c5 blockiert ist} 17. f3
(17. Rab1 a5 $16) 17... Nf6 18. Rac1 Rfe8 19. Rb1 {Das ist wohl eher
Verlegenheit, auf b1 hätte er einen Zug vorher auch schon gekonnt.} Rab8 20.
Bf5 Qe7 21. Qb3 a6 $4 {Ob der Tausch zweier Türme für die Dame für Schwarz
wirklich so gut ist darf bezweifelt werden.} (21... g6 $142 {war relativ besser
} 22. Bc2 Bd7 $14) 22. Nxc6 $18 bxc6 23. Qxb8 Qxe3+ {und gleich ein böser
Fehler hinterher, da die Überdeckung des Feldes d7 aufgegeben wird..} (23...
Rxb8 24. Rxb8+ Ne8 $18) 24. Kh1 Qxd4 {anstatt nun aber mit g6 ein Schlupfloch
zu öffnen, nun ein weiterer Bauernraub. So kann man eine Partie auch
wegwerfen.} (24... g6 {ist vielleicht ein Schwindelversuch} 25. Bc8 Qxd4 26.
Qxc7 Qxc5 $18) 25. Rfe1 $1 g6 (25... -- $140 26. Rxe8+ {Mattdrohung}) 26. Rxe8+
Nxe8 27. Qxe8+ Kg7 28. Bc8 Qxc5 29. Qe5+ {Und hier habe ich die Partie für
Schwarz aufgegeben. Turm und Läufer gegen 3 Bauern ist einfach eine zu große
Überlegenheit.} (29. Qe5+ Kg8 30. Qf6 h5 31. Be6 Kh7 32. Bxf7 Qd6 33. Be6 Qa3
34. Bg8+ Kh6 35. h4 Qc3 36. Qxc3 d4 37. Qxd4 c5 38. Qh8#) 1-0

[Event "CB-Emu swiss"]
[Site "?"]
[Date "2017.04.01"]
[Round "2"]
[White "Hyprachess, C64."]
[Black "Designer 2000, Fidelity"]
[Result "0-1"]
[WhiteElo "1500"]
[BlackElo "1860"]
[Annotator "Stockfish 8 (60s)"]
[PlyCount "68"]
[EventDate "2017.??.??"]

{D05: Damenbauernspiele (Colle-Aufbau)} 1. Nf3 d5 2. e3 {erster berechneter Zug
} Nf6 3. d4 e6 4. Bd3 c5 5. O-O c4 6. Be2 Nc6 (6... b5 7. Nbd2 Bb7 8. Ne5 Nc6
9. f4 Bd6 10. c3 Ne7 11. Bf3 Ne4 12. Qc2 f6 13. Nxe4 dxe4 14. Bxe4 Bxe4 15.
Qxe4 fxe5 16. fxe5 Bc7 17. a4 Qd5 18. Qg4 h5 19. Qe2 a6 20. b3 Kd7 21. e4 {
Meyer,H (2310)-Sievers,S (2255) Germany 1990 0-1 (37)}) 7. Ne5 {Positionell
gesehen quatsch. Weiss sollte besser seine Entwicklung vorantreiben.} (7. b3 b5
8. c3 Bb7 9. Ba3 Bxa3 10. Nxa3 Qa5 11. Qc1 Ne4 12. b4 Qa6 13. Qb2 O-O 14. Nb1
Rfe8 15. Ne5 Nxe5 16. dxe5 Qb6 17. Nd2 Nxd2 18. Qxd2 a5 19. a3 Ra7 20. Rfb1
Rea8 21. Qb2 Bc6 {Garcia Van Isschot,C (1694)-Rossello Padron,C (1885) Las
Palmas 2013 0-1 (50)}) 7... Bd6 8. Nxc6 $146 (8. f4 Bd7 (8... O-O 9. Nd2 Bd7
10. c3 b5 11. Qc2 b4 12. b3 bxc3 13. Qxc3 Bb4 14. Qc2 c3 15. Ndf3 Ne4 16. a3
Be7 17. Bd3 f5 18. Ng5 Nxe5 19. dxe5 Bxg5 20. fxg5 Qc7 21. Bb2 Qxe5 22. Bxe4
fxe4 23. Bxc3 {Lopez Mulet,I-Gonzalez Garcia,J (1800) Badajoz 2007 0-1 (49)})
9. b3 b5 10. a4 a6 11. Bb2 Na5 12. Nd2 O-O 13. Bc3 b4 14. Bxb4 Bxb4 15. bxc4
Qe8 16. c5 Bxa4 17. Rb1 Bxd2 18. Qxd2 Nc6 19. Rb6 Ne4 20. Qd3 Nxe5 21. fxe5 Bb5
{0-1 (21) Frolovich,A-Shibaeva,L (2028) Tula 2007}) 8... bxc6 9. b3 cxb3 10.
axb3 O-O 11. Ba3 a5 12. c4 Bb7 {etwas zahm gespielt. Eventuell könnte man
aggressiv mit 12. ...e5 vorgehen.} 13. Bd3 Bb4 14. Nd2 (14. Bb2 c5 $11) 14...
Bxa3 (14... c5 15. dxc5 Bxa3 16. Rxa3 $11) 15. Rxa3 Qe7 {Hier war 15. ...c5
eindeutig besser} (15... c5 16. Qa1 $11) 16. Ra4 {Auch hier gab es besseres.
16. Da1!} (16. c5 $5 $16) 16... c5 $11 17. cxd5 cxd4 18. dxe6 dxe3 19. exf7+
Rxf7 20. Nc4 $2 {Der isolierte Bauer a5 soll unter Druck geraten. Aber das ist
dem Designer recht wurst...} (20. Nf3 $142 $11 {und Weiß kann noch kämpfen})
20... exf2+ $19 21. Rxf2 Qc5 {Die Abtauschaktionen waren eher dem Schwarzen
nützlich.} 22. Raa2 Bd5 {22. ...Td8 erscheint mir stärker.} (22... Rd8 $5 23.
Rxa5 Qd4 24. Bxh7+ Kxh7 (24... Nxh7 $2 25. Qxd4 Rxd4 26. Rxf7 Kxf7 27. Ra7 $18)
25. Qxd4 Rxd4 $19) 23. Kh1 (23. Rac2 $5 {kam sehr in Betracht} Rff8 24. h3 $17)
23... a4 $1 $17 24. Qc2 $4 {In der Meinung alles zu decken.... das letzte
Eigentor} (24. h3 $142 Rff8 25. Rfd2 $17) 24... axb3 (24... Re8 {wäre im
Gewinnsinne präziser} 25. Qd2 axb3 26. Ra5 $19) 25. Qxb3 {er sieht es immer
noch nicht.... .} (25. Rxa8+ {hilft auch nicht mehr} Bxa8 26. Qe2 Re7 $19)
25... Rc8 {...und der Schwarze leider auch nicht. 25. ...Txa2 26. Dxa2 Sg4 und
Schwarz hat eine Gewinnstellung. Aber er steht auch so besser.} (25... Rxa2
$142 {ließe Weiß keine Chance} 26. Qxa2 Ng4 27. Rxf7 Kxf7 28. Qd2 Nf2+ 29. Kg1
Nxd3+ 30. Ne3 $19) 26. Rf4 {Besser Tac2} (26. Qd1 Bxc4 27. Rac2 Rd7 28. Bxc4+
Qxc4 $19) 26... Ne4 $1 27. Rxf7 Bxf7 (27... Kxf7 $6 28. Bxe4 Bxc4 29. Qf3+ Kg8
30. Ra1 $11) 28. Rc2 $4 {Ein böser Fehler... Nun kann Schwarz den Punkt
schnell nach Hause bringen.} (28. Bxe4 {ist noch eine dünne Chance} Bxc4 29.
Bxh7+ Kxh7 30. Qb1+ Kg8 31. Rc2 $19) 28... Nf2+ 29. Rxf2 Qxf2 (29... Bxc4 $6 {
wäre hingegen schwach, denn} 30. Bxc4+ Qxc4 31. Qf3 $11) 30. Bxh7+ (30. h3 {
ändert den Lauf der Dinge nicht} Re8 31. Be4 Rxe4 32. Kh2 Qf4+ 33. Qg3 Qxg3+
34. Kxg3 Rxc4 35. Kf2 Bd5 36. h4 Rxh4 37. Ke3 Bxg2 38. Kd2 Rg4 39. Kc1 h5 40.
Kd2 h4 41. Kc1 h3 42. Kd2 h2 43. Kc1 h1=Q+ 44. Kc2 Rc4+ 45. Kd3 Qf1+ 46. Ke3
Qe1+ 47. Kd3 Bf1#) 30... Kxh7 $2 {Schneller geht es mit Kh8, da dann Weiss
kein Schach mehr hat. Nun kann Weiss das Ende noch ein wenig herauszögern} 31.
Qh3+ Kg6 32. Ne5+ Kf6 {und Weiss kann nicht gabeln. 33. Sg4+ Ke7 34. Sxf2 Tc1+
und matt im nächsten Zug} 33. Qf3+ Qxf3 34. Nxf3 Rc1+ {An dieser Stelle
aufgegeben. Mit einem Turm weniger ist hier jeder Schummelversuch vergeblich.}
(34... Rc1+ 35. Ng1 Bd5 36. h3 Ke5 37. Kh2 Rc2 38. Nf3+ Bxf3 39. Kg3 Bxg2 40.
h4 Bd5 41. h5 Rg2+ 42. Kh4 Be6 43. h6 g5+ 44. Kh5 Bf7#) 0-1

[Event "CB-Emu swiss"]
[Site "?"]
[Date "2017.04.01"]
[Round "2"]
[White "Excellence, Fidelity"]
[Black "Grandmaster, C64."]
[Result "1-0"]
[WhiteElo "1880"]
[BlackElo "1500"]
[Annotator "Houdini 4 Pro w32 4core (60s)"]
[PlyCount "45"]
[EventDate "2017.??.??"]

{B32: Sizilianisch (Löwenthal-Variante)} 1. e4 c5 2. Nf3 Nc6 3. d4 cxd4 4. Nxd4
e5 5. Nb5 a6 6. Nd6+ Bxd6 7. Qxd6 Qe7 8. Qxe7+ {erster berechneter Zug Weiss}
Ngxe7 {erster berechneter Zug Schwarz} 9. Nc3 d6 (9... d5 10. Bd2 Be6 11. O-O-O
O-O-O 12. f3 f5 13. Bg5 fxe4 14. fxe4 d4 15. Na4 h6 16. Bd2 Rhf8 17. h3 Ng6 18.
Nc5 Bg8 19. g3 Kc7 20. Be2 Rf2 21. Bh5 Nge7 22. Rdf1 Rdf8 23. Rxf2 Rxf2 24. Be1
{Peter,S (2236)-Klundt,K (2350) Germany 2014 0-1 (61)}) 10. Be3 Be6 (10... f5
11. O-O-O fxe4 12. Rxd6 Nf5 13. Rd2 Nxe3 14. fxe3 Bf5 15. Bc4 Ne7 16. Bd5 Nxd5
17. Rxd5 O-O 18. Rxe5 Rae8 19. Rxe8 Rxe8 20. Rf1 Re5 21. Kd2 h5 22. h4 g6 23.
Rf4 Kf7 24. Ne2 Ke6 25. c4 {Oberhofer,C (1998)-Froehlich,M (1638) Nittenau
2014 1-0 (46)}) 11. O-O-O Nc8 $146 {schlecht gespielt. Der Springer steht gut
auf e7. Besser war Td8} (11... Rd8 12. Bb6 (12. Nd5 Bxd5 13. exd5 Nb4 14. c4
Nxa2+ 15. Kb1 Nb4 16. Bb6 a5 17. Bxa5 Na6 18. Bxd8 Kxd8 19. Kc2 Nc5 20. Ra1 Kc7
21. b4 Nd7 22. Bd3 f5 23. f3 g5 24. h4 g4 25. fxg4 e4 26. Be2 f4 {Omariev,M 
(2316)-Sapronov,A Moscow 2010 1-0 (51)}) 12... Rd7 13. Nd5 Bxd5 14. exd5 Nb8
15. h4 (15. g3 O-O 16. f4 Nc8 17. Be3 f6 18. c4 Rc7 19. Kb1 Nd7 20. Rc1 exf4
21. gxf4 f5 22. Rg1 Nc5 23. b4 Ne4 24. Bd3 Re8 25. Rce1 Rce7 26. Kc2 g6 27. Bd4
Kf7 28. h4 Nf6 29. Rxe7+ Rxe7 {Pepino,E (2205)-Cattaneo,R (1880) Arvier 2010
1-0 (47)}) 15... Nc8 16. Be3 b5 17. h5 f5 18. g3 h6 19. Rh4 Rc7 20. a4 O-O 21.
axb5 axb5 22. Bxb5 Na7 23. Bf1 Nd7 24. Ra4 Nc8 25. Ra6 Nc5 26. Bxc5 {Herms
Agullo,J (2121)-Nadal Fajardo,R (1886) Barcelona 2013 1-0 (35)}) (11... Rd8 12.
f3 $14) 12. f4 Nb4 {Die schwarze Stellung hat schon arge Schwächen. Daher
versucht sich der Grandmaster nun in unbeholfenen Störmanövern.} (12... exf4
13. Bxf4 Bg4 14. Rd3 $16) 13. a3 Nc6 14. f5 Bd7 15. h4 O-O (15... N6e7 16. g4
$16) 16. Nd5 (16. Be2 N6a7 $18) 16... Rb8 (16... N6e7 $5 17. Nc7 Rb8 $16) 17.
Be2 Re8 18. f6 g6 $2 {Die bessere Alternative war wohl Td8} (18... Nd4 19. Bxd4
exd4 20. fxg7 Kxg7 21. Rxd4 $18) 19. g4 {Allons enfants de la Patrie, Le jour
de gloire est arrivé!} (19. Nc7 {ist genauer} Rf8 20. h5 b5 $18) 19... Na5 $2 (
19... Nd4 $142 20. Bxd4 exd4 21. Rxd4 Re6 $18) 20. h5 Nc6 $4 {Das entscheidet
die Partie sofort. Aber auch andere Züge sind wenig geeignet wirkliche
Hoffnungen zu schüren...} (20... g5 {verlängert das Leiden} 21. Bxg5 Nc6 $18)
21. hxg6 hxg6 (21... fxg6 {ändert nichts mehr} 22. f7+ $1 {Ablenkung: h7} Kg7
23. Bh6+ Kxf7 24. Rdf1+ Bf5 25. gxf5 Rg8 26. fxg6+ Ke8 27. gxh7 Rh8 28. Rf8+
Rxf8 29. Bxf8 Nd4 30. h8=Q Nxe2+ 31. Kd2 Kd7 32. Qh7+ Kc6 33. Qc7+ Kb5 34. a4+
Kxa4 35. Qc4+ Ka5 36. Qb4#) 22. Bh6 Bxg4 23. Bxg4 {und der Excellence sagt ein
Matt in 4 Zügen an. Eine Kurzpartie wie aus dem Lehrbuch.} (23. Bxg4 Nd4 24.
Bg7 Nb3+ 25. cxb3 Ne7 26. Rh8#) 1-0

[Event "CB-Emu swiss"]
[Site "?"]
[Date "2017.04.02"]
[Round "1"]
[White "Colossus 4, C64."]
[Black "Excel Display, Fidelity"]
[Result "0-1"]
[WhiteElo "1800"]
[BlackElo "1880"]
[Annotator "Komodo 10.3 32-bit (60s)"]
[PlyCount "80"]
[EventDate "2017.??.??"]

{B29: Sizilianisch (Rubinstein-Variante)} 1. Nc3 {Eine von Colossus (und
meinen) Lieblingseröffnungen} c5 {und leider fliegt Weiss nun gleich aus dem
Buch...} 2. e4 Nc6 3. Nf3 Nf6 {und auch Schwarz musste nun erstmals rechnen.
Das ging ja flott...} 4. d3 d5 5. exd5 Nxd5 6. Nxd5 (6. Be2 g6 7. Ne4 Bg7 8.
O-O b6 9. Re1 O-O 10. Rb1 h6 11. a3 a5 12. Bd2 Bb7 13. Qc1 Kh7 14. Bf1 Nd4 15.
Be2 a4 16. Nxd4 cxd4 17. c4 dxc3 18. bxc3 Rc8 19. c4 f5 20. Nc3 Nxc3 {Giertli,
V (2201)-Lisko,F (2294) Slovakia 2004 1/2-1/2 (35)}) (6. Bd2 Bg4 7. Be2 e6 8.
Nxd5 exd5 9. c3 Be7 10. Be3 O-O 11. Bd2 Re8 12. O-O Bf6 13. h3 Bh5 14. a3 h6
15. b4 cxb4 16. axb4 Nxb4 17. Rb1 Bxf3 18. Bxf3 Nxd3 19. Qc2 Ne5 20. Qd1 Re7 {
Trindade,V (1768)-Andrade,R (2207) Praia Atalaia 2014 0-1 (39)}) 6... Qxd5 7.
Be2 $146 (7. c3 e5 8. Be2 Be7 9. O-O Bf5 10. Qc2 c4 11. Rd1 cxd3 12. Bxd3 Rd8
13. Ne1 e4 14. Be2 Qe6 15. Be3 O-O 16. Rxd8 Rxd8 17. b3 Bd6 18. g3 b6 19. Rd1
Ne5 20. Ng2 Nf3+ 21. Kh1 g5 {Fabi,G-Schoeller,W (2100) Fuerth 1996 0-1}) (7.
Be3 Bg4 8. Be2 e6 9. c4 Qh5 10. a3 Bd6 11. h3 Bxf3 12. Bxf3 Qe5 13. Qe2 Nd4 14.
Bxd4 Qxe2+ 15. Kxe2 cxd4 16. Rab1 Rb8 17. b4 b6 18. c5 bxc5 19. bxc5 Rxb1 20.
Rxb1 Be5 21. Bc6+ Ke7 {Smolak,N-Ponikiewicz,A Werynia 1997 1-0 (32)}) (7. g3
Bg4 8. Bg2 Ne5 9. Nh4 Qe6 10. f3 Nxf3+ 11. Kf2 Nxh4 12. Qe1 Qf5+ 13. Bf4 Nxg2
14. Kxg2 g5 15. h3 Bh5 16. Qe5 Qxe5 17. Bxe5 f6 18. Bc3 Bf7 19. Rae1 Bd5+ 20.
Kh2 Bxh1 21. Bxf6 Rg8 {Schuchardt,M-Schubert,G Dortmund 1987 0-1}) 7... g6 8.
c4 {etwas überaggressiv. Besser erscheint mir eine ruhigere Entwicklung mit 8.
0-0} (8. c3 Bg7 $15) 8... Qd8 (8... Qd6 9. Be3 $15) 9. O-O Bg7 10. Rb1 {
Wirkt etwas gekünstelt, sofern man nicht am Damenflügel stürmen will. Und
dafür fehlen Weiss derzeit die Resourcen.} O-O 11. Be3 (11. a3 $15) 11... Nd4 {
Nun fängt der Excel zu künsteln an. Einfach b6 war besser} (11... b6 $5 $15 {
muss beachtet werden}) 12. Nxd4 $11 cxd4 13. Bd2 {erst zu aggressiv und jetzt
zurückhaltend. Den Läufer kann man auch aktiver aufstellen...} Bd7 {...was
natürlich auch für Schwarz gilt...} 14. Bf3 Qb6 15. Qe1 {Colossus hat bereits
1 Stunde seiner Zeit verbraucht, und man fragt sich... für was?} (15. b4 Bc6
$11) 15... e5 $11 16. Ba5 (16. b4 Bc6 $11) 16... Qa6 17. b4 $2 (17. b3 $11)
17... Rab8 $4 {b6 wäre nun der beste Zug gewesen.... gibt den Vorteil aus der
Hand} (17... b6 $142 {und Schwarz bekommt die Oberhand} 18. Bxa8 Rxa8 $19) 18.
b5 $14 {Weiss steht geringfügig besser, doch um welchen Preis? Es verbleiben
nur noch 43 Minuten auf der Uhr.} Qf6 19. Rb3 (19. Qd2 Rfc8 $14) 19... Rfc8 20.
Qe2 a6 21. bxa6 (21. a4 Qd6 $11) 21... Qxa6 $11 22. Bb6 {Colossus beginnt nun,
deutlich schneller zu ziehen...} Bc6 23. Bxc6 bxc6 24. Rfb1 {Nun beginnt die
heisse Phase für Weiss. Noch 24 Minuten auf der Uhr...} Ra8 25. R1b2 (25. a3
Re8 $11) 25... Rcb8 (25... e4 26. h3 exd3 27. Qxd3 $15) 26. f4 (26. Bc5 $5 {
ist zu beachten} Rxb3 27. Rxb3 $11) 26... Re8 $17 27. fxe5 (27. h3 Qc8 $17)
27... Rxe5 28. Qf3 (28. Qf1 $142 Rae8 29. Rb1 Qxa2 30. R3b2 $17) 28... Re6 $4 {
danach kann Schwarz alle Träume begraben} (28... Re1+ $142 {und aller Vorteil
läge nun bei Schwarz} 29. Kf2 Rae8 $19) 29. Bc5 $11 {Nicht von der Hand zu
weisen} Re1+ 30. Kf2 Rae8 {Noch 12 Minuten auf der weissen Uhr} (30... Re3 31.
Rb8+ Bf8 32. Qf4 $11) 31. Rb7 $14 f5 32. Ra7 (32. g4 $142 {und Weiß spielt mit}
R1e5 33. Rxg7+ Kxg7 34. Bxd4 $14) 32... Qc8 $15 33. Rbb7 $4 (33. Rab7 $142 $15
{war der einzige Versuch}) 33... Bf6 $19 34. Rb2 {und wie in der ersten Partie
fängt Colossus an zu blitzen und kommt prompt unter die Räder...} (34. Bb4 {
würde die Partie unwesentlich verlängern} Rb1 35. a4 $19) 34... Qe6 35. g3 Re3
36. Qd1 f4 $1 {Hinlenkung: f4} 37. Ra5 {Ein böser Fehler in Zeitnot. Schwarz
kann nun mit 37. ...Dh3 einen Mattangriff einleiten...} (37. gxf4 Qf5 {
Hinlenkung Doppelangriff}) 37... fxg3+ {... sieht es aber nicht. Die Stellung
ist trotzdem für Schwarz gewonnen..} (37... Qh3 38. Qg1 fxg3+ 39. hxg3 Be5 40.
Bd6 Rf8+ 41. Bxf8 Bxg3+ 42. Qxg3 Qxg3+ 43. Kf1 Re1#) 38. Kg2 gxh2 39. Bb4 (39.
Ra8 {hilft auch nicht mehr} Rxa8 40. Kh1 Re1+ 41. Qxe1 Qxe1+ 42. Kxh2 Qe5+ 43.
Kg1 Qxc5 44. Kf2 Qh5 45. Kg1 Qg4+ 46. Kh1 Be5 47. Rf2 Rb8 48. Rb2 Rxb2 49. c5
Rb1#) 39... h1=Q+ $1 {Ablenkung: g4} 40. Qxh1 (40. Qxh1 Qg4+ {Mattangriff
Hinlenkung Ablenkung}) (40. Kxh1 Qh3+ {Mattangriff}) 40... Qg4+ {und Schwarz
sagt ein Matt in 6 Zügen an. Wieder einmal hat die mangelhafte Zeiteinteilung
von Colossus die Partie gekostet. Aber das Problem lag nicht nur daran,
sondern auch an einer mangelhaften Eröffnungsbibliothek. Es ist zwar schön und
innovativ, wenn Colossus Eröffnungen wie 1. Sc3 kennt, aber er sollte dann
auch auf Zugumstellungen reagieren können. Dass er nach der schwarzen Antwort
1. ...c5 dann rechnen musste, statt den geschlossenen Sizilianer aus dem Hut
zu zaubern ist einfach schlampig programmiert und hat in der frühen Phase des
Spiels unnötig Bedenkzeit gekostet.} (40... Qg4+ 41. Kf1 Qd1+ 42. Kg2 Qf3+ 43.
Kg1 Re1+ 44. Bxe1 Rxe1+ 45. Kh2 Rxh1#) 0-1